000 00349 a2200169 4500
001 172505
020 _a85-08-04191-8
040 _cMagnum
100 _aRocha, Ruth
240 1 0 _aEugênio, o gênio
_lpor
245 1 0 _aEugênio, o gênio
300 _a32
362 0 _a1994
440 1 _aÁtica
697 _aLITERATURA INFANTO
942 _cBK
999 _c172505
_d172505